000 01149nam0a22003251 4500
001 RU\INFOCOMM_322\NLR\5000254859
005 20250614080343.0
035 _a(NLR Aleph) 010598899
090 _a10529927
_c10529927
100 _a20130322d1972 |||y0rusy50 ca
101 0 _aeng
102 _aRU
105 _ay z||||
200 1 _aSL(2, R) symmetry of the dual two-particle amplitude
_fC. D. Popov, D. Ts. Stoyanov, A. N. Tavkhelidze
210 _aДубна
_d1972
215 _a55 с.
_d21 см
225 1 _aˆ[‰Издания]
_fОбъедин. ин-т ядерных исследований
_iЛаборатория теоретической физики
_vЕ2-6400
320 _aБиблиогр.: с. 54-55
686 _aФз-100
_2rubbk
686 _aˆ[‰В318.3]
_2rubbk
700 1 _aPopov
_bCh. D.
_gChristo Dimitrov
701 1 _9z01790
_aStojanov
_bD. C.
_gDimitr C.
701 1 _9z02790
_aTavchelidze
_bA. N.
790 1 _9z01701
_aStoyanov
_bD. Ts.
_4070
790 1 _9z02701
_aTavkhelidze
_bA. N.
_4070
801 1 _aRU
_bInfocomm
_c20130322
801 0 _aRU
_bINFOCOMM
_gPSBO
852 _aNLR
_jP11/3130
942 _cBOOK
980 _aNB